How to Convert Your Music Into Wealth/ (Record no. 206596)

MARC details
000 -LEADER
fixed length control field 00593nam a2200193 4500
005 - DATE AND TIME OF LATEST TRANSACTION
control field 20241023113310.0
010 ## - LCCN (DPL NO)
LC control number ENG-142275
020 ## - INTERNATIONAL STANDARD BOOK NUMBER
Terms of availability 279.00
International Standard Book Number 9789393734525
035 ## - SYSTEM CONTROL NUMBER
System control number EN-125807
037 ## - SOURCE OF ACQUISITION
Source of stock number/acquisition DBAD
082 ## - DEWEY DECIMAL CLASSIFICATION NUMBER
Classification number 780.954
100 ## - MAIN ENTRY--PERSONAL NAME
Personal name John, Obiukwu Chinedu
245 ## - TITLE STATEMENT
Title How to Convert Your Music Into Wealth/
Remainder of title Obiukwu Chinedu John
250 ## - EDITION STATEMENT
Edition statement First
260 ## - PUBLICATION, DISTRIBUTION, ETC. (IMPRINT)
Name of publisher, distributor, etc Exceller Books
Place of publication, distribution, etc Kolkata
Date of publication, distribution, etc 2023
270 ## - ADDRESS
Address G1, Dream Apartment, Degree College Road, Belgharia
City Kolkata
Postal code 700056
300 ## - PHYSICAL DESCRIPTION
Extent 64p.
Dimensions 22cm(pb)
942 ## - ADDED ENTRY ELEMENTS (KOHA)
Source of classification or shelving scheme Dewey Decimal Classification
Item type English Books
Classification part 780.954
Call number suffix JOH
Edition 2023
Holdings
Withdrawn status Lost status Not for loan Collection code Home library Current library Date acquired Source of acquisition Cost, normal purchase price Full call number Barcode Copy number Cost, replacement price Koha item type
      Non-fiction Bawana Bawana 23/10/2024 DBAD 279.00 780.954 JOH EN-125807 1 279.00 English Books

© Delhi Public Library
Hit Counter
free hit counter